000 00792nam a22002657a 4500
003 CHAP
005 20220329135641.0
008 971013s1947 us a r 00010 eng d
010 _a39929
011 _a40901
035 _a45027
040 _cCHAP
082 0 4 _a633.51
_bE8
110 2 _aE.U.A. Division of Cotton and Other Fiber Crops and Diseases
_934915
245 1 _aBetter cottons
260 _aBeltsville, Md. :
_bThe Division,
_c1947
300 _a66 p.
_b: ilus.
590 _aBATCH-UPD
_b10
_c20130110
_lUCH01
_h2310
590 _aBATCH-UPD
_b10
_c20130410
_lUCH01
_h1601
590 _aCONVERSION
_b10
_c20130109
_lUCH01
_h1322
650 1 4 _aAlgodon
_xMejoramiento.
_94035
901 _aBK
942 _cLIBRO
949 _a633.51 E8
_bBC
_cLIBRO
_d33724000194551
_eLIBRO
_h22702
_i45027
_si
999 _c39929
_d39929